| 000 | 01131nam a2200337 a 4500 | ||
|---|---|---|---|
| 001 | ELB72618 | ||
| 003 | FlNmELB | ||
| 006 | m o d | | ||
| 007 | cr cn||||||||| | ||
| 008 | 201011r1996 mx |||||s|||||||||||spa d | ||
| 020 | _z9686977147 | ||
| 035 | _a(MiAaPQ)EBC3191594 | ||
| 035 | _a(Au-PeEL)EBL3191594 | ||
| 035 | _a(CaPaEBR)ebr10428628 | ||
| 035 | _a(OCoLC)1105905867 | ||
| 040 |
_aFlNmELB _bspa _cFlNmELB |
||
| 050 | 4 |
_aQD253 _bC977 1996 |
|
| 080 | _a547 | ||
| 082 | 0 | 4 |
_a547 _222 |
| 245 | 0 | 0 |
_aCurso de química orgánica V _h[recurso electronico] / _cMiguel Pérez Luna...[et al.]. |
| 260 |
_aMéxico : _bInstituto Politécnico Nacional, _c1996. |
||
| 300 | _a152 p. | ||
| 533 | _aRecurso electrónico. Santa Fe, Arg.: e-libro, 2015. Disponible vía World Wide Web. El acceso puede estar limitado para las bibliotecas afiliadas a e-libro. | ||
| 650 | 0 | _aQuímica orgánica. | |
| 650 | 0 | _aChemistry, Organic. | |
| 653 | _aQuimica organica | ||
| 655 | 4 | _aLibros electrónicos. | |
| 700 | 1 | _aPérez Luna, Miguel. | |
| 710 | 2 | _ae-libro, Corp. | |
| 856 | 4 | 0 | _uhttps://elibro.net/ereader/usam/72618 |
| 999 |
_c138850 _d138850 |
||